Building South Africa (Record no. 112844)

MARC details
000 -LEADER
fixed length control field 00875cad a22002055a 4500
001 - CONTROL NUMBER
control field L154110
008 - FIXED-LENGTH DATA ELEMENTS--GENERAL INFORMATION
fixed length control field 111014s2008 xxk f 000 0 eng d
035 ## - SYSTEM CONTROL NUMBER
System control number (Sirsi) u154110
041 0# - LANGUAGE CODE
Language code of text/sound track or separate title eng
110 2# - MAIN ENTRY--CORPORATE NAME
Corporate name or jurisdiction name as entry element UK Trade and Investment
9 (RLIN) 4699
245 00 - TITLE STATEMENT
Title Building South Africa
Remainder of title opportunities for the UK construction sector, executive summary
Medium [electronic resource]
260 ## - PUBLICATION, DISTRIBUTION, ETC.
Place of publication, distribution, etc. London
Name of publisher, distributor, etc. UKTI
Date of publication, distribution, etc. 2008
520 ## - SUMMARY, ETC.
Summary, etc. Looks at the construction opportunities in South Africa.
590 ## - LOCAL NOTE (RLIN)
Local note KA
651 #4 - SUBJECT ADDED ENTRY--GEOGRAPHIC NAME
Geographic name South Africa
690 ## - LOCAL SUBJECT ADDED ENTRY--TOPICAL TERM (OCLC, RLIN)
Topical term or geographic name as entry element BUILT ENVIRONMENT-CONSTRUCTION MARKET
690 ## - LOCAL SUBJECT ADDED ENTRY--TOPICAL TERM (OCLC, RLIN)
Topical term or geographic name as entry element BUILT ENVIRONMENT-BUILDING COSTS
856 40 - ELECTRONIC LOCATION AND ACCESS
Uniform Resource Identifier <a href="https://www.constructionproducts.org.uk/publications/dbfiles/Building_South_Africa_Construction_%20Report_Executive_Summary.pdf">https://www.constructionproducts.org.uk/publications/dbfiles/Building_South_Africa_Construction_%20Report_Executive_Summary.pdf</a>
Public note View the executive summary free of charge and order a copy of the full report at www.ukti.gov.uk
942 ## - ADDED ENTRY ELEMENTS (KOHA)
Suppress in OPAC 0
Holdings
Withdrawn status Lost status Source of classification or shelving scheme Damaged status Not for loan Home library Current library Shelving location Date acquired Total Checkouts Full call number Barcode Date last seen Copy number Price effective from Koha item type
    Dewey Decimal Classification     Virtual Virtual Online 14/10/2011   ONLINE PUBLICATION 154110-2001 06/08/2019 1 06/08/2019 Book